书目信息 |
| 题名: |
英语范文疯狂背诵60篇
|
|
| 作者: | 曾宇涛 主编 | |
| 分册: | ||
| 出版信息: | 北京 人民出版社 2004.06 |
|
| 页数: | 139页 | |
| 开本: | 26cm | |
| 丛书名: | ||
| 单 册: | ||
| 中图分类: | H315 | |
| 科图分类: | ||
| 主题词: | 英语--写作--自学参考资料 | |
| 电子资源: | ||
| ISBN: | 7-01-004422-8 | |
| 000 | 00785nam0 2200229 450 | |
| 001 | 0137931633 | |
| 005 | 20060606095637.93 | |
| 010 | @a7-01-004422-8@dCNY20.00 | |
| 100 | @a20050312d2004 km y0chiy0120 ea | |
| 101 | 0 | @achi@aeng |
| 102 | @aCN@b110000 | |
| 105 | @ay z 000yy | |
| 200 | 1 | @a英语范文疯狂背诵60篇@Aying yu fan wen feng kuang bei song 60 pian@f曾宇涛主编@Fceng yu tao zhu bian |
| 210 | @a北京@c人民出版社@d2004.06 | |
| 215 | @a139页@d26cm | |
| 330 | @a该书精选了60篇美文,设置了经济、科技、社会、文化等十二个单元,每单元包含相关主题的200词左右的短文各五篇。 | |
| 333 | @a相关专业学生、教师及普通读者。 | |
| 606 | 0 | @a英语@x写作@x自学参考资料 |
| 690 | @aH315@v4 | |
| 701 | 0 | @a曾宇涛@Aceng yu tao@4主编 |
| 801 | 0 | @aCN@bQSSK@c20060606 |
| 905 | @a10447@dH315@eZ031 | |
| 英语范文疯狂背诵60篇/曾宇涛主编.-北京:人民出版社,2004.06 |
| 139页;26cm |
| 使用对象:相关专业学生、教师及普通读者。 |
| ISBN 7-01-004422-8:CNY20.00 |
| 该书精选了60篇美文,设置了经济、科技、社会、文化等十二个单元,每单元包含相关主题的200词左右的短文各五篇。 |
| ● |
| 相关链接 |
|
|
|
正题名:英语范文疯狂背诵60篇
索取号:H315/Z031
 
预约/预借
| 序号 | 登录号 | 条形码 | 馆藏地/架位号 | 状态 | 备注 |
| 1 | 564047 | 205640476 | 语言库209/ [索取号:H315/Z031] | 在馆 | |
| 2 | 564048 | 205640485 | 语言库209/ [索取号:H315/Z031] | 在馆 | |
| 3 | 564049 | 205640494 | 语言库209/209语言库 38排6列2层/ [索取号:H315/Z031] | 在馆 | |
| 4 | 606291 | 206062918 | 语言库209/209语言库 38排6列2层/ [索取号:H315/Z031] | 在馆 | |
| 5 | 606292 | 206062927 | 语言库209/209语言库 38排6列2层/ [索取号:H315/Z031] | 在馆 |